El canto de la juventud.

Αποθηκεύτηκε σε:
Λεπτομέρειες βιβλιογραφικής εγγραφής
Κύριος συγγραφέας: Roig, Montserrat (autora)
Άλλοι συγγραφείς: Sempere, Joaquim (traductor)
Μορφή: Βιβλίο
Έκδοση: Barcelona, España: Muchnik Editores, 2001.
Έκδοση:Primera edición.
Σειρά:Ediciones de bolsillo 38
Θέματα:
Ετικέτες: Προσθήκη ετικέτας
Δεν υπάρχουν, Καταχωρήστε ετικέτα πρώτοι!

MARC

LEADER 00000nam a22000007a 4500
003 CL-VaPUC
005 20241121124422.0
008 241112t2001 ||||| |||| 00| 0 eng d
999 |c 445616  |d 445614 
020 |a 84-7669-510-1 
040 |c Pontificia Universidad Católica de Valparaíso 
082 |a 863 ROI 2001 
100 |9 477466  |a Roig, Montserrat  |e autora 
245 |a El canto de la juventud. 
250 |a Primera edición. 
260 |a Barcelona, España:  |b Muchnik Editores,  |c 2001. 
300 |a 157 páginas. 
440 |9 893636  |a Ediciones de bolsillo  |v 38 
500 |a Donación Biblioteca Mayor de Filosofía y Educación. 5 de noviembre de 2024. 
583 |c 20241112  |k Gabriela Rodríguez Cuevas 
650 0 |9 265052  |a Novelas españolas  |x Relatos  |y Siglo 20 
650 0 |9 376969  |a Literatura catalana  |y Siglo 20  |z España 
700 |9 893635  |a Sempere, Joaquim  |e traductor 
942 |2 ddc  |c BK 
952 |0 0  |1 0  |2 ddc  |4 0  |6 863_000000000000000_ROI_2001  |7 0  |9 597943  |a BIBEDU  |b BIBEDU  |d 2024-11-12  |e Donación  |i 5663191  |o 863 ROI 2001  |p 5663191  |r 2024-11-12  |t 1  |w 2024-11-12  |y BK  |k EDU